| 000 | 00945nam a22002657a 4500 | ||
|---|---|---|---|
| 001 | BR7602899 | ||
| 003 | BR-BrBNA | ||
| 005 | 20230928085003.0 | ||
| 007 | ta | ||
| 008 | 230509b bl.||||| |||| 00| 0 por d | ||
| 040 |
_aBR-BrBNA _bpor _cBiblioteca Nacional de Agricultura |
||
| 041 | _a(Por) | ||
| 072 |
_aL72 _b4020 |
||
| 090 | _ 4020 BR7602899 | ||
| 100 | 1 | _aOliveira, G.P. de | |
| 110 | 1 |
_aUniversidade Federal Rural do Rio de Janeiro, Itaguai (Brasil) _0Tese (Magister Scientiae) _911225 |
|
| 245 | 1 | _aEstudo do desenvolvimento de ovos e larvas de Boophilus microplus (Canestrini, 1888)(Acarina: Ixodidae)em condicoes de imersao e de ambiente [Praga de animal; Carrapato] | |
| 260 | 3 |
_aItaguai, RJ (Brasil): _c1976. |
|
| 300 | _a70 p. | ||
| 500 | _a10 tables; 15 graphs; Summaries (Eng, Por); Bibliography p. 45-52 (53 ref.) | ||
| 650 | _aCarrapato | ||
| 650 | _aParasito | ||
| 909 |
_a202309 _bLucia _c55 _dLucia Elande |
||
| 942 | _cBK | ||
| 999 |
_c22267 _d22267 |
||